000 00795nam a2200277Ia 4500
001 B3126
003 IT-RoPAU
008 130308s9999 xx 000 0 und d
040 _aIT-RoPAU
040 _cIT-RoPAU
041 _aITALIANO
100 _aRitter Armin
100 _gCodice Aut. SPICS: 37443
245 _aRecupero dei supporti cinematografici deteriorati
245 _bAtti del Convegno per la Cultura della conservazione e del restauro dell'Immagine Animata
250 _a1a ed.
260 _aROMA
260 _bAtic
260 _c1992 [1° Ed.:1992 - Ed.Ling.Originale:1992]
300 _a"3 p. (prefazione: no ; testo: 3 [pagine: 81-83])"
650 _aTECNICA CINEMATOGRAFICA
650 _eCodice materia Spics: 6802
942 _cBK
957 _71
999 _c82864
_d82864
999 _g1